000 01111cam a2200313 a 4500
001 8922
003 BD-RjUL
005 20211208234659.0
008 140119s1983 enka b 001 0 eng
020 _a0198512910
035 _a(BD-RjUL)8967
040 _aDLC
_cDLC
_dBD-RjUL
_beng
041 _aeng
082 0 0 _a523
_219
_bCHM 1983
100 1 _aChandrasekhar, S.
_q(Subrahmanyan),
_d1910-1995.
_927721
245 1 4 _aThe mathematical theory of black holes /
_cS. Chandrasekhar.
260 _aOxford [Oxfordshire] ;
_bClarendon Press ;
_aNew York :
_bOxford University Press,
_cc1983.
300 _axxi, 646 p. :
_bill. ;
_c24 cm.
490 1 _aThe International series of monographs on physics ;
_v69
504 _aIncludes bibliographical references and index.
650 0 _aBlack holes (Astronomy)
_xMathematics.
_927722
650 0 _aKerr black holes.
_927723
650 0 _aSpace and time
_xMathematics.
_927724
830 0 _v69.
_927726
830 0 _aInternational series of monographs on physics (Oxford, England) ;
_921403
942 _2ddc
_cBK
999 _c8922
_d8922